Kraj w Europie, który nie jest członkiem Unii Europejskiej - Statystyki

Ogólne statystyki
  • Ten quiz został rozwiązany 24 razy
  • Średni wynik to 6 z 7
Statystyki odpowiedzi
Hint Odpowiedź % Poprawnych
5. Ukraina
100%
4. Rosja
95%
3. Norwegia
90%
2. Szwajcaria
90%
1. Wielka Brytania
75%
7. Serbia
70%
6. Islandia
55%
Nie znaleziono quizów pasujących do podanych kryteriów
Rozkład punktacji
Procent ludzi z każdym wynikiem
Percentyl według liczby udzielonych odpowiedzi
Twoja historia wyników
Nie rozwiązałeś tego quizu